00317nam a2200121Ia 4500003000400000008004100004020002600045040000800071100002400079245004800103260003400151300001000185LDD181101s9999 xx 000 0 und d a9788191062137c123.00 cLDD aUsmani, Shamsul Haq 0aFasana-o-sher ka bulawacShamsul Haq Usmani aDelhibDilli Kitab Gharc2012 a219p.